Transforming America : (Record no. 6256)
[ view plain ]
| 000 -LEADER | |
|---|---|
| fixed length control field | 00696nam a22002172 4500 |
| 001 - CONTROL NUMBER | |
| control field | 0000003156 |
| 005 - DATE AND TIME OF LATEST TRANSACTION | |
| control field | 20151217151916.0 |
| 008 - FIXED-LENGTH DATA ELEMENTS--GENERAL INFORMATION | |
| fixed length control field | 070430s xx 000 0 eng d |
| 020 ## - INTERNATIONAL STANDARD BOOK NUMBER | |
| Terms of availability | KES 250 |
| 040 ## - CATALOGING SOURCE | |
| Original cataloging agency | KABU |
| Transcribing agency | KABU |
| 050 #0 - LIBRARY OF CONGRESS CALL NUMBER | |
| Classification number | HN58 |
| Item number | .M33 |
| 100 1# - MAIN ENTRY--PERSONAL NAME | |
| Personal name | Mack, Raymond W. |
| -- | 0000152841 |
| 245 10 - TITLE STATEMENT | |
| Title | Transforming America : |
| Remainder of title | patterns of social change / |
| Statement of responsibility, etc. | by Raymond W. Mack. |
| 260 ## - PUBLICATION, DISTRIBUTION, ETC. (IMPRINT) | |
| Place of publication, distribution, etc. | New York : |
| Name of publisher, distributor, etc. | Random House, |
| Date of publication, distribution, etc. | c1967. |
| 300 ## - PHYSICAL DESCRIPTION | |
| Extent | xix, 199 p. ; |
| Dimensions | 21 cm. |
| 651 #0 - SUBJECT ADDED ENTRY--GEOGRAPHIC NAME | |
| Geographic name | United States |
| General subdivision | Social conditions |
| Chronological subdivision | 1945-. |
| -- | 0000152842 |
| 651 #0 - SUBJECT ADDED ENTRY--GEOGRAPHIC NAME | |
| Geographic name | United States |
| General subdivision | Economic conditions |
| Chronological subdivision | 1945-. |
| -- | 0000152843 |
| 908 ## - PUT COMMAND PARAMETER (RLIN) | |
| Put command parameter | 070430 |
| 950 ## - LOCAL HOLDINGS (RLIN) | |
| -- | 1 |
| Withdrawn status | Lost status | Source of classification or shelving scheme | Not for loan | Home library | Current library | Date acquired | Total Checkouts | Full call number | Barcode | Date last seen | Price effective from | Koha item type |
|---|---|---|---|---|---|---|---|---|---|---|---|---|
| Library of Congress Classification | Kabarak, Main Campus | Kabarak, Main Campus | 17/12/2015 | HN58 .M33 | 007708 | 17/12/2015 | 17/12/2015 | General Collection |